000 00577nam a2200193Ia 4500
005 20260114185712.0
008 008 260114s9999 xx 000 0 eng d
020 _a9781350392991
037 _aEBOOK
040 _aCRL
_beng
_cCRL
041 _aeng
_2eng
084 _qCRL
100 _aStephen Wilmot
_9873343
245 0 _aEthics, Power and Policy The Future of Nursing in the NHS
260 _bBloomsbury
_c2002
856 _uhttps://doi.org/10.1007/978-1-137-05875-1?locatt=label:secondary_bloomsburyCollections
942 _cEBOOK
999 _c1472291
_d1472291